01378nas a2200301Ia 4500001001100000003000900011008004100020040001300061040001300074041001300087100004500100210002600145222002600171245011000197250001100307260003200318501008600350300001800436362002600454500022200480650004300702700001800745700001900763700005300782942000700835999001900842952021500861R119/44950IT-RoPAU151124c99999999xx |||||||||||| ||und|| aIT-RoPAU cIT-RoPAU aITALIANO aColombo FaustogCodice Aut. SPICS: 14748 aIKON-QUADERNI DI IKON aIkon-Quaderni Di Ikon aIKON, ANNO 06-N.06 (1983)bMilano E Il Cinema: Inappetenza E Fame. Pubblico Del Cinema, Pubblico Dei Film a1a ed. aMILANObANGELI FRANCOc1983 bPaulus - SPICS - Società San Paolo EM (non-commercial uses only)cCopyright2015 a35 p. [55-89] aANNO 006, N.06 (1983) aRiflessioni Sulla Crisi del Cinema Italiano. tra Due Inchieste Doxa. Crisiitaliana e Internazionale. Crisi del Cinema e Ruolo della Televisione. Critiche e Autocritiche dei Gestori. Chi Fruisce del Cinema? Quali Film? aCOMUNICAZIONEvPUBBLICAZIONE PERIODICA aCiuffo Angela aLombezzi Mimmo gCodice Aut. SPICS: 11625Codice Aut. SPICS: 13690 cCR c120211d120211 0010406R_119_44950000000000071aSPICSbSPICSd2015-11-25l0oR119/44950r2015-11-25 00:00:00w2015-11-25yCRzProgr. Ins: 49481 / Copia rara: NO / date import: 25.11.2015 / By Epidotti, Trombetti, Vaglietti